000 00596nam a2200217Ii 4500
003 JO-AjNU
008 230606s9999||||xx |||||||||||||| ||und||
020 _a978-81-224-3437-8
040 _aJO-AjNU
_beng
_erda
_cJO-AjNU
041 _aeng
050 1 4 _aQA67.9.J67.2014
100 3 _aJosh,K D,
_eauthor
_94499
245 0 0 _aApplied Discrette Strutures
250 _a2 ed
264 3 1 _aNew Age International ,2014
300 _a804p
336 _atext
_btxt
_2rdacontent
337 _aunmediated
_bn
_2rdamedia
338 _avolume
_bnc
_2rdacarrier
650 4 _aDiscrete Mathematics
_94500
999 _aE2335
_c2333
_d2333